[Event "7th Malaysia Open"]
[Site "Kuala Lumpur MAS"]
[Date "2010.09.04"]
[Round "6"]
[White "Hj,Azahari Md Aliuddin"]
[Black "Hetul,S"]
[Result "1-0"]
[WhiteElo "2072"]
[BlackElo "1956"]
[EventDate "2010.09.01"]

1. e4 c5 2. Nf3 d6 3. d4 cxd4 4. Nxd4 Nf6 5. Nc3 a6 6. Bg5 e6 7. f4 Be7 8.
Qf3 Qc7 9. O-O-O Nbd7 10. g4 b5 11. Bxf6 Nxf6 12. g5 Nd7 13. f5 Bxg5+ 14.
Kb1 Ne5 15. Qh5 Qe7 16. Nxe6 Bxe6 17. fxe6 g6 18. exf7+ Kxf7 19. Qh3 Kg7
20. Nd5 Qd8 21. Qc3 Ra7 22. Qa3 Qb8 23. h4 Bh6 24. h5 a5 25. Qh3 Rf7 26.
Be2 b4 27. Rdf1 Qd8 28. Rxf7+ Nxf7 29. Rg1 Ne5 30. Qg3 Rf8 31. hxg6 hxg6
32. a3 bxa3 33. Qxa3 Rf2 34. Bd3 Bd2 35. Qb3 Rf7 36. Rd1 Bg5 37. Qc3 Rb7
38. Ba6 Ra7 39. Bc4 Rb7 40. Qd4 Qb8 41. Bb3 Qa7 42. Qa4 Rb8 43. Rf1 Qa6 44.
Rg1 Nf3 45. Qd7+ Kh6 46. Rh1+ Bh4 47. Qg4 Rxb3 48. Rxh4+ Nxh4 49. Qxh4+ Kg7
50. cxb3 Qd3+ 51. Ka2 a4 52. Qf6+ Kh6 53. Qxg6+ 1-0

[Event "7th Malaysia Open"]
[Site "Kuala Lumpur MAS"]
[Date "2010.09.04"]
[Round "6"]
[White "Azarya,J"]
[Black "Marmono,R"]
[Result "0-1"]
[WhiteElo "1730"]
[BlackElo "1933"]
[EventDate "2010.09.01"]

1. e4 e6 2. d4 d5 3. Nc3 Nf6 4. Bg5 Be7 5. e5 Nfd7 6. h4 a6 7. Nf3 h6 8.
Bxe7 Qxe7 9. g3 c5 10. Ne2 cxd4 11. Qxd4 Nc6 12. Qf4 Qc5 13. c3 Qb6 14. Rb1
Qc7 15. Bh3 Ndxe5 16. Kf1 Qb8 17. Kg2 Nxf3 18. Qxf3 b5 19. Nf4 Ne5 20. Qe2
O-O 21. Rhe1 Nc4 22. Rbd1 Qb6 23. Nh5 Bb7 24. Qg4 d4+ 25. Kh2 g6 26. Nf6+
Kg7 27. Nd7 h5 28. Qe2 Qa7 29. Nxf8 d3 30. Nxe6+ fxe6 31. Rxd3 Rf8 32. Rf1
Bd5 33. b3 Kh7 34. Rxd5 exd5 35. bxc4 dxc4 36. Kg1 Qg7 37. Rc1 Qf6 38. Rc2
Rf7 39. Qe6 Qf3 40. Re2 Rg7 41. Qe3 Qf8 42. Bg2 Rd7 43. Be4 Qf6 44. Qg5
Rd1+ 45. Kg2 Qxg5 46. hxg5 Rd6 47. f4 a5 48. Rb2 Re6 49. Kf3 Rb6 50. Bd5 b4
51. Bxc4 bxc3 52. Rxb6 c2 53. Bg8+ Kxg8 54. Rxg6+ 0-1

[Event "7th Malaysia Open"]
[Site "Kuala Lumpur MAS"]
[Date "2010.09.04"]
[Round "6"]
[White "Tan Khai Boon"]
[Black "Limono,Handjojo"]
[Result "1-0"]
[WhiteElo "2160"]
[BlackElo "1898"]
[EventDate "2010.09.01"]

1. d4 Nf6 2. c4 e6 3. Nf3 c5 4. d5 exd5 5. cxd5 d6 6. Nc3 g6 7. e4 Bg7 8.
Bd3 O-O 9. O-O Re8 10. Re1 Bg4 11. Qb3 b6 12. Nd2 a6 13. a4 Ra7 14. f4 Bc8
15. Nf3 Rae7 16. Bd2 Ng4 17. h3 Nh6 18. Re2 Kh8 19. Be1 Nd7 20. Bh4 Bf6 21.
Bg3 Qc7 22. Bh2 Bg7 23. Rae1 f6 24. g4 Nf7 25. Nh4 Bb7 26. Ng2 Bc8 27. Ne3
Qa7 28. Kf1 Qb8 29. Bg3 Nd8 30. h4 Nf7 31. Rh2 Kg8 32. h5 Nf8 33. hxg6 hxg6
34. Kf2 Qc7 35. Reh1 Qa7 36. Kf3 Rb7 37. Qc2 Bd7 38. e5 dxe5 39. Bxg6 exf4
40. Bh7+ Nxh7 41. Qxh7+ Kf8 42. Bxf4 Ng5+ 43. Bxg5 fxg5 44. Rf2 Re7 45.
Kg2+ Rf7 46. Rxf7+ Kxf7 47. Rf1+ Ke7 48. Qxg7+ Kd8 49. Qxg5+ Kc7 50. Qe5+
1-0

[Event "7th Malaysia Open"]
[Site "Kuala Lumpur MAS"]
[Date "2010.09.04"]
[Round "6"]
[White "Nakvanich,S"]
[Black "Tan Jun Feng"]
[Result "1-0"]
[WhiteElo "1921"]
[BlackElo "1870"]
[EventDate "2010.09.01"]

1. e4 c5 2. Nf3 d6 3. d4 cxd4 4. Nxd4 Nf6 5. Nc3 a6 6. Be2 e5 7. Nb3 Be6 8.
O-O Nbd7 9. f4 Qc7 10. Be3 Rc8 11. Rc1 Nb6 12. Nd2 Be7 13. Kh1 Nc4 14. Nxc4
Bxc4 15. Bd3 b5 16. a3 h5 17. Qf3 Be6 18. f5 Bc4 19. Qg3 Kf8 20. Bg5 Qc6
21. b3 Bxd3 22. cxd3 Qb7 23. Bxf6 gxf6 24. Nd5 h4 25. Qe3 Bd8 26. Rxc8 Qxc8
27. Rc1 Qb7 28. h3 Rh5 29. Rc2 Rg5 30. Qc1 Kg7 31. Rc8 Bb6 32. Rg8+ Kxg8
33. Nxf6+ Kf8 34. Qxg5 Bd8 35. Qg8+ Ke7 36. Nd5+ Kd7 37. Qxf7+ 1-0

[Event "7th Malaysia Open"]
[Site "Kuala Lumpur MAS"]
[Date "2010.09.04"]
[Round "6"]
[White "Haslindah,R"]
[Black "Tan,Fischer"]
[Result "1-0"]
[WhiteElo "1662"]
[BlackElo "1530"]
[EventDate "2010.09.01"]

1. Nf3 d6 2. g3 Nd7 3. Bg2 h6 4. c4 Ngf6 5. Nc3 Nh7 6. d3 c6 7. Qc2 e5 8.
e4 Be7 9. Be3 b6 10. O-O h5 11. d4 g5 12. dxe5 dxe5 13. Rad1 Qc7 14. a3 O-O
15. b4 f6 16. Qa2 Kh8 17. b5 Bb7 18. bxc6 Bxc6 19. Nd5 Bxd5 20. cxd5 Bd6
21. Rc1 Qd8 22. Nd2 b5 23. Rfd1 Qa5 24. Nb1 Rfc8 25. Rc6 Bc5 26. Bxc5 Nxc5
27. Rxc8+ Rxc8 28. d6 b4 29. Qf7 Rd8 30. Qc7 Qa4 31. Rd5 bxa3 32. Nxa3 Ne6
33. Qa5 Qxa5 34. Rxa5 Rc8 35. Rxa7 g4 36. h3 Nhg5 37. hxg4 Rc1+ 38. Kh2
hxg4 39. Ra8+ Kg7 40. d7 Rd1 41. Ra7 Kf8 42. Nb5 Ke7 43. Nc3 Rxd7 44. Nd5+
Kd6 45. Rxd7+ Kxd7 46. Nxf6+ Kd6 47. Nxg4 Nc5 48. f3 Ke6 49. Kg1 Nd7 50.
Kf2 Nf8 51. Ke3 Nd7 52. f4 exf4+ 53. gxf4 Nf7 54. Bh3 Kd6 55. Nf2 Nf8 56.
Nd3 Nh6 1-0

[Event "7th Malaysia Open"]
[Site "Kuala Lumpur MAS"]
[Date "2010.09.05"]
[Round "7"]
[White "Smerdon,D"]
[Black "Wang Chen"]
[Result "1/2-1/2"]
[WhiteElo "2526"]
[BlackElo "2404"]
[EventDate "2010.09.01"]

1. e4 c5 2. c3 e6 3. d4 d5 4. e5 Nc6 5. Nf3 Bd7 6. Be2 Nge7 7. dxc5 Ng6 8.
Be3 Ngxe5 9. Nxe5 Nxe5 10. O-O Be7 11. b4 O-O 12. Nd2 b6 13. f4 Ng6 14. Nb3
Ba4 15. Qd2 Qc7 16. cxb6 axb6 17. g3 Bf6 18. Bd4 e5 19. fxe5 Nxe5 20. Rxf6
gxf6 21. Qh6 Qe7 22. Rf1 Bxb3 23. axb3 f5 24. Bd3 f6 25. Bxf5 Rab8 26. g4
Nc6 27. Bxf6 Rxf6 28. Bxh7+ Kf7 29. Qh5+ Kf8 30. Qh6+ Kf7 1/2-1/2

[Event "7th Malaysia Open"]
[Site "Kuala Lumpur MAS"]
[Date "2010.09.05"]
[Round "7"]
[White "Sethuraman,S"]
[Black "Gao Rui"]
[Result "1-0"]
[WhiteElo "2535"]
[BlackElo "2450"]
[EventDate "2010.09.01"]

1. d4 Nf6 2. c4 g6 3. Nc3 d5 4. Qb3 dxc4 5. Qxc4 Bg7 6. Nf3 O-O 7. e4 a6 8.
Qa4 Nfd7 9. Be3 b5 10. Qb3 Nb6 11. Rd1 Nc6 12. h3 Bb7 13. Be2 Qd6 14. O-O
Na5 15. Qc2 Nac4 16. Bc1 e5 17. dxe5 Qe6 18. a4 c6 19. a5 Nxa5 20. Be3 Nac4
21. Bc5 Nd7 22. Bxc4 Qxc4 23. Rxd7 Qxc5 24. Rxb7 b4 25. Qe2 Rfb8 26. Na4
Qa5 27. Rxb8+ Rxb8 28. b3 Qb5 29. Qxb5 cxb5 30. Nc5 a5 31. Ra1 Ra8 32. Kf1
Bf8 33. Nd7 Be7 34. Nb6 Ra6 35. Nd5 Bc5 36. Nc7 Rc6 37. Nxb5 Bb6 38. Nbd4
Rc3 39. Ke2 1-0

[Event "7th Malaysia Open"]
[Site "Kuala Lumpur MAS"]
[Date "2010.09.05"]
[Round "7"]
[White "Yu Ruiyuan"]
[Black "Xu Yuhua"]
[Result "1/2-1/2"]
[WhiteElo "2381"]
[BlackElo "2475"]
[EventDate "2010.09.01"]

1. e4 e6 2. d4 d5 3. exd5 exd5 4. Bd3 Nc6 5. Ne2 Bd6 6. Nbc3 Nge7 7. Nb5
Bf5 8. Bg5 f6 9. Bf4 Bxf4 10. Nxf4 Bxd3 11. Qxd3 Qd7 12. a3 Nd8 13. O-O c6
14. Nc3 Ne6 15. Nxe6 Qxe6 16. Rae1 Qd7 17. Ne2 Kf7 18. Nf4 Ng6 19. Nxg6
hxg6 20. Re3 Rae8 21. Rg3 Qf5 22. Qb3 Qd7 23. Qd3 1/2-1/2

[Event "7th Malaysia Open"]
[Site "Kuala Lumpur MAS"]
[Date "2010.09.05"]
[Round "7"]
[White "Guo Qi"]
[Black "Vijayalakshmi,S"]
[Result "1-0"]
[WhiteElo "2167"]
[BlackElo "2466"]
[EventDate "2010.09.01"]

1. d4 Nf6 2. c4 e6 3. Nf3 b6 4. g3 Bb7 5. Bg2 Bb4+ 6. Bd2 Be7 7. O-O c5 8.
d5 exd5 9. Nh4 Qc8 10. cxd5 Nxd5 11. Nf5 g6 12. e4 Nc7 13. Bc3 Rg8 14. Nxe7
Kxe7 15. f4 Qe8 16. Na3 Kd8 17. Nc4 Nb5 18. Qb3 Nxc3 19. bxc3 Ba6 20. Nd6
Qe6 21. e5 Bxf1 22. Bxa8 Qxb3 23. axb3 Ba6 24. Bd5 Kc7 25. Bxf7 Rf8 26. Bd5
b5 27. c4 b4 28. Kf2 Kb6 29. Ke3 Bc8 30. g4 Na6 31. f5 Nc7 32. Rf1 g5 33.
f6 Ba6 34. f7 Nxd5+ 35. cxd5 Bxf1 36. e6 dxe6 37. dxe6 Bb5 38. Nxb5 a6 39.
e7 Rxf7 40. e8=Q Rf1 41. Qb8+ Ka5 42. Nd6 1-0

[Event "7th Malaysia Open"]
[Site "Kuala Lumpur MAS"]
[Date "2010.09.05"]
[Round "7"]
[White "Xu Jun"]
[Black "Swapnil,SD"]
[Result "1/2-1/2"]
[WhiteElo "2507"]
[BlackElo "2425"]
[EventDate "2010.09.01"]

1. d4 Nf6 2. Nf3 d5 3. c4 e6 4. Nc3 dxc4 5. e4 Bb4 6. Bg5 c5 7. Bxc4 cxd4
8. Nxd4 Bxc3+ 9. bxc3 Qa5 10. Nb5 a6 11. Nd6+ Ke7 12. Qd2 Rd8 13. Rd1 Nc6
14. f4 e5 15. Nxc8+ Raxc8 16. Bd5 Qc5 17. Rf1 h6 18. Bxf6+ gxf6 19. c4 h5
20. fxe5 Nxe5 21. Qd4 Qb4+ 22. Qd2 Rxc4 23. Qxb4+ Rxb4 24. Rf5 h4 25. Rh5
Rg8 26. Rd2 Rb1+ 27. Kf2 Ng4+ 28. Ke2 Nxh2 29. Kd3 Ng4 30. Rxh4 Ne5+ 31.
Kc2 Rb4 32. Rh3 Rc8+ 33. Rc3 Rxc3+ 34. Kxc3 Rb1 35. Kc2 Rb5 36. Kc3 Rb1 37.
Kc2 Rb5 38. Kc3 b6 39. Kd4 Rb4+ 40. Kc3 Rb5 41. Kd4 Rb4+ 42. Kc3 Rb1 43.
Kd4 Rc1 44. Rb2 Rd1+ 45. Kc3 Rd3+ 46. Kc2 b5 47. a4 Rg3 48. axb5 Rxg2+ 49.
Kc3 Rxb2 50. bxa6 Rb6 51. a7 Ra6 52. a8=Q Rxa8 53. Bxa8 Kd6 54. Kd4 Nc6+
55. Ke3 Ne7 56. Kf4 Ke6 57. Bd5+ Nxd5+ 58. exd5+ Kxd5 59. Kf5 1/2-1/2

[Event "7th Malaysia Open"]
[Site "Kuala Lumpur MAS"]
[Date "2010.09.05"]
[Round "7"]
[White "Khamrakulov,D"]
[Black "Lim,C"]
[Result "1/2-1/2"]
[WhiteElo "2485"]
[BlackElo "2302"]
[EventDate "2010.09.01"]

1. e4 c5 2. Nf3 d6 3. d4 cxd4 4. Nxd4 Nf6 5. Nc3 a6 6. Bg5 e6 7. f4 Qc7 8.
Qf3 b5 9. O-O-O b4 10. Nce2 Nbd7 11. g4 Bb7 12. Ng3 d5 13. Bd3 Nc5 14. Bxf6
gxf6 15. Rhe1 Bd6 16. Rf1 O-O-O 17. Nb3 Nxd3+ 18. Rxd3 dxe4 19. Nxe4 Be7
20. Nd4 Rd7 21. Rfd1 Rhd8 22. Qe3 Qb6 23. Nd2 Qxd4 24. Rxd4 Rxd4 25. Qh3 h6
26. f5 e5 27. Qxh6 Bf3 28. c3 bxc3 29. Nxf3 Rxd1+ 30. Kc2 cxb2 31. Kxb2 e4
32. Ne5 fxe5 33. Qc6+ Kb8 34. Qb6+ Kc8 35. Qxa6+ Kb8 36. Qb5+ Kc8 37. Qc4+
Kb8 38. Qb3+ Kc8 39. Qc2+ Kb8 40. Qb3+ Kc7 41. Qc2+ Kb6 42. Qb3+ Ka5 43.
Qc3+ Kb6 44. Qb3+ Kc5 45. Qc3+ Kb5 46. a4+ Kxa4 47. Qc6+ Kb4 48. Qb7+ Kc4
49. Qxe4+ R8d4 50. Qc6+ Bc5 51. Qa4+ Kd5 52. Qa8+ Kd6 53. Qd8+ Kc6 54. Qc8+
Kb5 55. Qb8+ Ka5 56. Qa8+ Kb5 57. Qb8+ Ka5 58. Qa8+ Kb4 59. Qb8+ Ka5 60.
Qa8+ Kb5 61. Qb8+ Bb6 62. Qxe5+ Ka6 63. Qe2+ Ka5 64. Qe5+ Kb4 65. Qe7+ Rd6
66. Qe4+ R1d4 67. Qe1+ Rd2+ 68. Kc1 Kc3 69. g5 Bf2 70. Qe5+ R6d4 71. Qc5+
1/2-1/2

[Event "7th Malaysia Open"]
[Site "Kuala Lumpur MAS"]
[Date "2010.09.05"]
[Round "7"]
[White "Tan Zhongyi"]
[Black "Pham Chuong"]
[Result "0-1"]
[WhiteElo "2461"]
[BlackElo "2361"]
[EventDate "2010.09.01"]

1. d4 d5 2. c4 e6 3. Nf3 Nf6 4. Nc3 c6 5. Bg5 Be7 6. e3 Nbd7 7. Qc2 O-O 8.
a3 b6 9. Bd3 Bb7 10. cxd5 cxd5 11. O-O h6 12. Bh4 a6 13. b4 Qb8 14. Qb3 Rc8
15. Rfc1 Bd6 16. Bg3 Ne8 17. b5 Bxg3 18. hxg3 Nd6 19. Nd2 axb5 20. Nxb5 Bc6
21. a4 Bxb5 22. axb5 Rxa1 23. Rxa1 Qc7 24. Bf1 Nf6 25. Qb4 Qc2 26. f3 Nf5
27. Kf2 Nd6 28. Qxd6 Qxd2+ 29. Be2 Rc3 30. Qxb6 Qxe3+ 31. Kf1 Kh7 32. Rd1
Rc2 33. Re1 e5 34. Qd6 Qxd4 35. g4 Qe3 36. b6 Rb2 37. b7 Rxb7 38. Ba6 Rb6
39. Qc7 Qd4 40. Bc8 Qc4+ 41. Qxc4 dxc4 42. Rxe5 Rc6 43. Bf5+ g6 44. Bc2 Kg7
45. Ke2 Nd7 46. Rb5 g5 47. Kd2 Kf6 48. Be4 Ra6 49. Rf5+ Ke7 50. Bd5 Rd6 51.
Kc3 Nb6 52. Bxf7 Rd3+ 53. Kc2 Re3 54. Rb5 Na4 55. Bg6 Re2+ 56. Kc1 c3 57.
Rb7+ Kd6 58. Bd3 Rxg2 59. Rh7 Nc5 60. Rxh6+ Ke5 61. Bf5 Nb3+ 62. Kd1 Nd4
63. Rh1 Rd2+ 64. Ke1 Nxf3+ 65. Kf1 Kf4 0-1

[Event "7th Malaysia Open"]
[Site "Kuala Lumpur MAS"]
[Date "2010.09.05"]
[Round "7"]
[White "Satyapragyan,S"]
[Black "Narayanan,Sr"]
[Result "1-0"]
[WhiteElo "2451"]
[BlackElo "2383"]
[EventDate "2010.09.01"]

1. e4 c5 2. Nc3 d6 3. Nge2 Nf6 4. g3 g6 5. Bg2 Bg7 6. d3 Nc6 7. h3 Rb8 8.
Be3 O-O 9. f4 Bd7 10. O-O b5 11. Qd2 b4 12. Nd1 Ne8 13. g4 e6 14. f5 exf5
15. exf5 gxf5 16. gxf5 Ne7 17. Ng3 Kh8 18. Bg5 Rg8 19. f6 Bxf6 20. Rxf6 Nc6
21. Rg6 Rxg6 22. Bxd8 Rxd8 23. Kh2 Nf6 24. Ne4 Nxe4 25. Bxe4 f5 26. Bd5 Ne5
27. Qf4 Rdg8 28. Bxg8 Bc6 29. Ne3 Nf3+ 30. Qxf3 Bxf3 31. Bd5 Bxd5 32. Nxd5
Re6 33. Rg1 a5 34. b3 h5 35. Nf4 Re3 36. Rg2 1-0

[Event "7th Malaysia Open"]
[Site "Kuala Lumpur MAS"]
[Date "2010.09.05"]
[Round "7"]
[White "Iuldachev,S"]
[Black "Carlos,L"]
[Result "1-0"]
[WhiteElo "2496"]
[BlackElo "2325"]
[EventDate "2010.09.01"]

1. e4 e5 2. Nf3 Nf6 3. Nc3 Bb4 4. Nxe5 O-O 5. Be2 Re8 6. Nd3 Bxc3 7. dxc3
Nxe4 8. Nf4 c6 9. c4 Nf6 10. Be3 d5 11. cxd5 cxd5 12. O-O Nc6 13. c3 Be6
14. Re1 Qc7 15. Bd3 Rad8 16. Nh5 Qe5 17. Nxf6+ Qxf6 18. Bb5 a6 19. Bxc6
bxc6 20. Qa4 Bf5 21. Qxa6 Qg6 22. f3 h5 23. Qf1 Re6 24. Qf2 Rde8 25. h4 Bd3
26. Rad1 c5 27. Bg5 f6 28. Rxe6 Rxe6 29. Qxc5 Bc2 30. Rc1 fxg5 31. Rxc2
gxh4 32. Qxd5 Kh7 33. Kf1 Qxc2 34. Qxe6 Qc1+ 35. Qe1 Qxb2 1-0

[Event "7th Malaysia Open"]
[Site "Kuala Lumpur MAS"]
[Date "2010.09.05"]
[Round "7"]
[White "Deshmukh,A"]
[Black "Ashwin,J"]
[Result "1-0"]
[WhiteElo "2326"]
[BlackElo "2431"]
[EventDate "2010.09.01"]

1. e4 c5 2. Nf3 d6 3. d4 cxd4 4. Nxd4 Nf6 5. Nc3 a6 6. Be3 Ng4 7. Bg5 h6 8.
Bh4 g5 9. Bg3 Bg7 10. Qd2 Nc6 11. Nb3 Be6 12. h4 Rc8 13. hxg5 hxg5 14.
Rxh8+ Bxh8 15. Qxg5 Bxc3+ 16. bxc3 Qc7 17. Nc5 Nf6 18. Qh6 Kd8 19. Bxd6 Qb6
20. Rd1 exd6 21. Qxf6+ Kc7 22. Nxe6+ fxe6 23. Qxe6 Ne5 24. Qe7+ Nd7 25. e5
Rd8 26. Qxd6+ Qxd6 27. exd6+ Kc6 28. g3 Re8+ 29. Be2 b5 30. Rd4 Ne5 31. Kd2
Kd7 32. f4 Nc6 33. Bg4+ Kd8 34. Rd5 Rg8 35. Be6 Rg6 36. f5 Rxg3 37. Rc5
Rg2+ 38. Ke3 Na7 39. Rc7 Rg3+ 40. Kf4 1-0

[Event "7th Malaysia Open"]
[Site "Kuala Lumpur MAS"]
[Date "2010.09.05"]
[Round "7"]
[White "Nguyen Thi Thanh An"]
[Black "Huang Qian"]
[Result "0-1"]
[WhiteElo "2306"]
[BlackElo "2436"]
[EventDate "2010.09.01"]

1. d4 d6 2. e4 Nf6 3. Nc3 g6 4. g3 Bg7 5. Bg2 O-O 6. Nge2 e5 7. O-O Nc6 8.
h3 Re8 9. d5 Ne7 10. Be3 c6 11. Bg5 h6 12. Bxf6 Bxf6 13. Qd2 cxd5 14. Nxd5
Nxd5 15. Qxd5 Be6 16. Qd2 Qb6 17. b3 Bg5 18. Qd3 Rac8 19. c4 a6 20. Kh2 Bf6
21. Rad1 Qa5 22. Qd2 Qxd2 23. Rxd2 b5 24. cxb5 axb5 25. Rfd1 Be7 26. f4 h5
27. h4 Bg4 28. Rf1 d5 29. exd5 Bb4 30. Rb2 Ba3 31. Rd2 e4 32. Ng1 e3 33.
Rd4 e2 34. Re1 Bc5 35. Re4 Rxe4 36. Bxe4 Bf2 0-1

[Event "7th Malaysia Open"]
[Site "Kuala Lumpur MAS"]
[Date "2010.09.05"]
[Round "7"]
[White "Liew Chee Meng Jimmy"]
[Black "Duong The Anh"]
[Result "1-0"]
[WhiteElo "2299"]
[BlackElo "2420"]
[EventDate "2010.09.01"]

1. d4 e6 2. Nf3 d5 3. c4 c6 4. e3 Bd6 5. Nc3 f5 6. Bd3 Nf6 7. Qc2 Ne4 8.
O-O O-O 9. Ne5 Nd7 10. f4 Ndf6 11. Bd2 Qe8 12. c5 Bc7 13. b4 a6 14. a4 Bd7
15. b5 Nxc3 16. Bxc3 Bxe5 17. fxe5 Ng4 18. Qe2 cxb5 19. h3 Nh6 20. axb5
Bxb5 21. Bxb5 Qxb5 22. Qxb5 axb5 23. Rab1 Ra3 24. Rfc1 Rfa8 25. Rxb5 R8a7
26. Kf2 Kf7 27. Bd2 f4 28. exf4 Nf5 29. Rcb1 Nxd4 30. Rxb7+ Rxb7 31. Rxb7+
Kg6 32. Rb4 Rd3 33. Rb2 Kf5 34. Be3 Nc6 35. Rb6 Na5 36. c6 Rc3 37. g4+ Ke4
38. Rb4+ Kd3 39. Rd4+ Kc2 40. Bd2 1-0

[Event "7th Malaysia Open"]
[Site "Kuala Lumpur MAS"]
[Date "2010.09.05"]
[Round "7"]
[White "Nakamura,N"]
[Black "Lane,G"]
[Result "0-1"]
[WhiteElo "2064"]
[BlackElo "2373"]
[EventDate "2010.09.01"]

1. d4 d5 2. c4 c6 3. Nf3 Nf6 4. e3 e6 5. Nbd2 c5 6. cxd5 exd5 7. dxc5 Bxc5
8. a3 O-O 9. b4 Bd6 10. Bb2 Bg4 11. Be2 Re8 12. Nd4 Bxe2 13. Qxe2 Nbd7 14.
N2f3 Nb6 15. O-O Nc4 16. Rfd1 Qd7 17. Bc3 Ne4 18. Be1 Rad8 19. Qa2 Bb8 20.
Ne2 Qf5 21. Nc3 Ne5 22. Nd4 Qh5 23. h3 Ng6 24. Nf3 Ne5 25. Nd4 Nxc3 26.
Bxc3 Nc4 27. Nf3 Rd6 28. Kf1 Rc6 29. Bd4 Ree6 30. Rac1 h6 31. a4 Rg6 32. b5
Rxg2 33. bxc6 Qxf3 34. cxb7 Rh2 0-1

[Event "7th Malaysia Open"]
[Site "Kuala Lumpur MAS"]
[Date "2010.09.05"]
[Round "7"]
[White "Lan Zilun"]
[Black "Dao Thien Hai"]
[Result "0-1"]
[WhiteElo "2192"]
[BlackElo "2520"]
[EventDate "2010.09.01"]

1. d4 d5 2. c4 e6 3. Nc3 c6 4. Nf3 dxc4 5. a4 Bb4 6. e3 b5 7. Ne5 Nf6 8.
Be2 O-O 9. O-O Qb6 10. Bd2 a5 11. Bf3 Bb7 12. Ne4 Bxd2 13. Qxd2 Nxe4 14.
Bxe4 f6 15. Nf3 Nd7 16. Qe2 Rae8 17. Rfd1 Ba6 18. axb5 cxb5 19. d5 Nc5 20.
Bc2 e5 21. Nh4 e4 22. Nf5 Bc8 23. Nd4 Bd7 24. f3 f5 25. fxe4 fxe4 26. b3
cxb3 27. Nxb3 Nd3 28. Nd4 a4 29. Bxd3 exd3 30. Qxd3 b4 31. Kh1 Rf2 32. Rf1
Rxf1+ 33. Rxf1 b3 34. Qc4 b2 35. Qa2 Rb8 36. Rb1 Qc5 37. h3 a3 38. Nc6 Re8
39. e4 Qc1+ 40. Kh2 Qf4+ 41. Kh1 Qxe4 42. Rf1 Bxh3 0-1

[Event "7th Malaysia Open"]
[Site "Kuala Lumpur MAS"]
[Date "2010.09.05"]
[Round "7"]
[White "Jamals,H"]
[Black "Rej,T"]
[Result "1/2-1/2"]
[WhiteElo "2162"]
[BlackElo "2340"]
[EventDate "2010.09.01"]

1. c4 c5 2. Nc3 Nc6 3. g3 d6 4. Bg2 g6 5. d3 Bg7 6. a3 a5 7. Rb1 e5 8. e4
Nge7 9. Nge2 O-O 10. O-O f5 11. f4 fxe4 12. Nxe4 Bf5 13. fxe5 Nxe5 14. Bg5
h6 15. Bxe7 Qxe7 16. h3 Nxc4 17. Qb3 d5 18. Nf4 Bd4+ 19. Kh1 Ne3 20. Nxd5
Nxd5 21. Qxd5+ Kh8 22. g4 Rad8 23. Qc4 Bxg4 24. Nxc5 Bxh3 25. Bxh3 Bxc5 26.
b4 Bd6 27. Qd4+ Be5 28. Qe3 Qg7 29. bxa5 g5 30. Bg2 Rxf1+ 31. Rxf1 Rd4 32.
Rf8+ Qxf8 33. Qxe5+ Qg7 34. Qe8+ Qg8 35. Qe5+ Qg7 1/2-1/2

[Event "7th Malaysia Open"]
[Site "Kuala Lumpur MAS"]
[Date "2010.09.05"]
[Round "7"]
[White "Kojima,S"]
[Black "Yeap,E"]
[Result "1-0"]
[WhiteElo "2334"]
[BlackElo "2121"]
[EventDate "2010.09.01"]

1. e4 c5 2. c3 d5 3. exd5 Nf6 4. d4 Nxd5 5. dxc5 e6 6. Nf3 Bxc5 7. Bc4 O-O
8. O-O Nc6 9. Nbd2 Nf6 10. Qe2 Be7 11. Re1 Qc7 12. Bb3 b6 13. Ne4 Bb7 14.
Nfg5 h6 15. Nxf6+ Bxf6 16. Ne4 Be5 17. Qg4 Rae8 18. Qh4 f5 19. Ng3 Na5 20.
Ba4 Re7 21. Rxe5 Qxe5 22. Qxe7 Qe1+ 23. Nf1 Qe4 24. f3 Qxa4 25. Qxe6+ Kh8
26. Be3 Rf6 27. Qe7 Qc2 28. Qd8+ Kh7 29. Qd2 Qa4 30. Bd4 Rg6 31. Ng3 Nc4
32. Qd3 Nd6 33. Nxf5 Ba6 34. Qb1 Nxf5 35. Qxf5 Qe8 36. Bf2 Bc8 37. Qd3 Qf7
38. b3 Bf5 39. Qd4 Qb7 40. Bg3 Qa6 41. c4 Bc2 42. Qb2 Bf5 43. Re1 Qc8 44.
Qd4 Re6 45. Be5 Qe8 46. f4 Qg6 47. Re3 Re7 48. Rg3 Qe6 49. Qd8 Rd7 50. Qf8
Bg6 51. h3 Rf7 52. Qb8 Qc6 53. Kh2 Qe4 54. Qd6 Qf5 55. b4 Qb1 56. c5 bxc5
57. bxc5 Bf5 58. c6 Qxa2 59. c7 Qe6 60. Qxe6 Bxe6 61. Rd3 Rf8 62. Rd8 Rg8
63. g4 a5 64. Rd6 Bc8 65. f5 Re8 66. Rd5 a4 67. Kg3 g5 68. Rd8 Rxe5 69.
Rxc8 Re3+ 70. Kf2 Rc3 71. f6 Rc6 72. Ke3 a3 73. f7 Re6+ 74. Kd3 Rd6+ 75.
Kc2 Rc6+ 76. Kb3 a2 77. Kxa2 Ra6+ 78. Kb3 Rb6+ 79. Kc4 Rc6+ 80. Kd5 Rg6 81.
f8=Q Rg7 82. Ke6 h5 83. Qh8+ 1-0

[Event "7th Malaysia Open"]
[Site "Kuala Lumpur MAS"]
[Date "2010.09.05"]
[Round "7"]
[White "Hukom,D"]
[Black "Lu Yijie"]
[Result "0-1"]
[WhiteElo "2130"]
[BlackElo "2308"]
[EventDate "2010.09.01"]

1. e4 c5 2. Nf3 d6 3. Nc3 Nf6 4. d4 cxd4 5. Nxd4 a6 6. Bg5 e6 7. f4 Qb6 8.
Qd2 Qxb2 9. Rb1 Qa3 10. Nb3 Nc6 11. Be2 Be7 12. O-O Bd7 13. Rbd1 O-O-O 14.
Qe3 h6 15. Bh4 Ng4 16. Qh3 Bxh4 17. Qxh4 Ne3 18. Rb1 Nxf1 19. Kxf1 Kb8 20.
Qf2 Rc8 21. Qe3 Rc7 22. Nd2 Qc5 23. Qxc5 dxc5 24. Bxa6 Nb4 25. Be2 Rd8 26.
Rb2 Bc6 27. Nf3 f5 28. Ne5 fxe4 29. Nxc6+ Rxc6 30. Nxe4 Rf8 31. Bf3 Rxf4
32. Ke2 Rc7 33. a3 Nc6 34. Nxc5 Nd4+ 35. Ke3 Rxf3+ 36. Kxd4 e5+ 37. Kd5
Rxa3 38. Rb5 Kc8 39. c4 Ra2 40. Ne4 Rxg2 41. c5 Rxh2 42. Nd6+ Kb8 43. Ra5
Rd2+ 44. Ke6 b6 45. Rb5 Rxc5 46. Rxb6+ Kc7 0-1

[Event "7th Malaysia Open"]
[Site "Kuala Lumpur MAS"]
[Date "2010.09.05"]
[Round "7"]
[White "Rian,K"]
[Black "Morris,J"]
[Result "1/2-1/2"]
[WhiteElo "2096"]
[BlackElo "2262"]
[EventDate "2010.09.01"]

1. e4 e5 2. Nf3 Nc6 3. d4 exd4 4. Bc4 Nf6 5. e5 d5 6. Bb5 Ne4 7. Nxd4 Bd7
8. Bxc6 bxc6 9. O-O Bc5 10. f3 Ng5 11. f4 Ne4 12. Nc3 f5 13. Be3 O-O 14.
Nxe4 fxe4 15. Qe1 Bb6 16. Nb3 g5 17. Qg3 Qe7 18. c4 Bxe3+ 19. Qxe3 gxf4 20.
Rxf4 Rxf4 21. Qxf4 Rf8 22. Qg3+ Qg7 23. Qxg7+ Kxg7 24. c5 Re8 25. Kf2 Rxe5
26. Ke3 Rg5 27. Rg1 h5 28. Nd4 h4 29. g4 Rg6 30. h3 Rf6 31. b4 Kg6 32. Rh1
Kg5 33. Rc1 Bc8 34. a4 Ba6 35. b5 Bb7 36. Ra1 a6 37. bxa6 Bxa6 38. a5 Kg6
39. Nf5 Rf8 40. Nxh4+ Kf6 41. Nf5 Rh8 42. h4 Rg8 43. Rg1 Bb5 44. Nd4 Ra8
45. g5+ Kg6 46. Ra1 Kh5 47. Kf4 Rf8+ 48. Kg3 Ba6 49. Rb1 Bd3 50. Re1 Ba6
51. Ra1 Kg6 52. Rh1 Kh5 53. Ra1 Kg6 54. Rh1 Kh5 55. Re1 Bc8 56. Ra1 Ba6 57.
Rh1 Rf7 58. Rb1 Rf8 59. Rh1 Rf7 60. Rb1 Rf8 61. Ra1 Kg6 62. Kg4 Bc8+ 63.
Kg3 Ba6 64. Kg4 Bc8+ 65. Kg3 Ba6 66. Kg4 Bc8+ 1/2-1/2

[Event "7th Malaysia Open"]
[Site "Kuala Lumpur MAS"]
[Date "2010.09.05"]
[Round "7"]
[White "Yee Soon Wei"]
[Black "Dotsenko,Vi"]
[Result "1/2-1/2"]
[WhiteElo "2303"]
[BlackElo "2054"]
[EventDate "2010.09.01"]

1. e4 c5 2. Nf3 Nc6 3. d4 cxd4 4. Nxd4 Nf6 5. Nc3 e5 6. Ndb5 d6 7. Bg5 a6
8. Na3 b5 9. Nd5 Be7 10. Bxf6 Bxf6 11. c3 Bg5 12. Nc2 O-O 13. a4 bxa4 14.
Rxa4 a5 15. Bc4 Rb8 16. Ra2 Kh8 17. Nce3 Be6 18. b3 Qd7 19. h4 Bh6 20. Qf3
Bxe3 21. Qxe3 f5 22. exf5 Bxf5 23. O-O e4 24. Rfa1 Qe8 25. Qg3 Qd7 26. Rd2
Rfd8 27. h5 Qe8 28. Ne3 Be6 29. h6 gxh6 30. Rxd6 Bxc4 31. bxc4 Rxd6 32.
Qxd6 Qg6 33. Qc7 Re8 34. Rd1 Ne5 35. Qxa5 Nd3 36. Qd5 Nf4 37. Qd7 Rg8 38.
Qd4+ 1/2-1/2

[Event "7th Malaysia Open"]
[Site "Kuala Lumpur MAS"]
[Date "2010.09.05"]
[Round "7"]
[White "Aris,T"]
[Black "Capel,E"]
[Result "1/2-1/2"]
[WhiteElo "2241"]
[BlackElo "2030"]
[EventDate "2010.09.01"]

1. d4 Nf6 2. Nf3 g6 3. Bg5 Bg7 4. Nbd2 d5 5. e3 O-O 6. Be2 c5 7. c3 Nbd7 8.
O-O b6 9. a4 Bb7 10. a5 h6 11. Bh4 g5 12. Bg3 Ne4 13. Nxe4 dxe4 14. Nd2
cxd4 15. exd4 e5 16. Nc4 exd4 17. cxd4 f5 18. Bd6 Rf6 19. Be5 Rf8 20. f4
Nxe5 21. fxe5 Bd5 22. Nd6 f4 23. Qc2 f3 24. gxf3 exf3 25. Bxf3 Bxf3 26.
Qb3+ Kh8 27. Rxf3 Qd7 28. Rg3 bxa5 29. Qd5 Rab8 30. e6 Qe7 31. Rf1 Rxf1+
32. Kxf1 Rf8+ 33. Nf7+ Kg8 34. Rf3 Re8 35. Re3 Qf6+ 36. Kg2 Qxd4 37. Nxh6+
Kh8 38. Nf7+ Kg8 39. Qxg5 Qxb2+ 40. Kh3 Qf6 41. Qg4 Qf1+ 42. Kg3 Qg1+ 43.
Kf3 Qxh2 44. e7 Qh1+ 45. Ke2 Qh2+ 46. Kd3 Qh7+ 47. Kd2 Qh2+ 48. Re2 Qxe2+
1/2-1/2